[Event "World Rapid Women 2019"]
[Site "Moscow RUS"]
[Date "2019.12.28"]
[Round "9.7"]
[White "Dzagnidze, Nana"]
[Black "Novikova, Anna"]
[Result "1-0"]
[WhiteTitle "GM"]
[BlackTitle "WIM"]
[WhiteElo "2520"]
[BlackElo "2260"]
[WhiteFideId "13601903"]
[BlackFideId "4146794"]
[EventDate "2019.12.26"]

1. c4 Nf6 2. Nc3 d5 3. cxd5 Nxd5 4. d4 g6 5. g3 Bg7 6. Bg2 Nxc3 7. bxc3 O-O 8.
Ba3 Nd7 9. Nf3 c5 10. O-O Qa5 11. Qb3 Rb8 12. Bc1 cxd4 13. cxd4 e5 14. Ba3 exd4
15. Bb4 Qf5 16. Bxf8 Nxf8 17. Qa4 d3 18. Qxa7 dxe2 19. Qxb8 exf1=Q+ 20. Rxf1 Be6
21. a4 Qa5 22. Qxb7 Qxa4 23. Ng5 Bc4 24. Bd5 Bxd5 25. Qxd5 Qd7 26. Qxd7 Nxd7 27.
Rd1 Nf8 28. Rb1 h6 29. Ne4 Be5 30. Rb5 Bd4 31. Nd6 Nd7 32. Kg2 Be5 33. Rd5 Bxd6
34. Rxd6 Nf8 35. Kf3 Kg7 36. Ke4 h5 37. Ke5 Nh7 38. f4 Nf8 39. f5 f6+ 40. Ke4
Nh7 41. h4 g5 42. Rd7+ Kg8 43. Kd5 Nf8 44. Re7 gxh4 45. gxh4 Kh8 46. Rf7 Nh7 47.
Ke6 Kg8 48. Rxh7 Kxh7 49. Kxf6 1-0

[Event "World Rapid Women 2019"]
[Site "Moscow RUS"]
[Date "2019.12.28"]
[Round "9.8"]
[White "Voit, Daria"]
[Black "Gunina, Valentina"]
[Result "1/2-1/2"]
[WhiteTitle "WGM"]
[BlackTitle "GM"]
[WhiteElo "2336"]
[BlackElo "2492"]
[WhiteFideId "4182146"]
[BlackFideId "4167570"]
[EventDate "2019.12.26"]

1. d4 Nf6 2. Nf3 e6 3. c4 Bb4+ 4. Bd2 Bxd2+ 5. Qxd2 d5 6. Nc3 O-O 7. e3 Qe7 8.
Bd3 dxc4 9. Bxc4 c5 10. dxc5 Qxc5 11. Qd4 Qb4 12. Bb3 Nc6 13. Qxb4 Nxb4 14.
O-O-O b6 15. a3 Nc6 16. Nd4 Ne5 17. f3 Ba6 18. Ndb5 Rfc8 19. Kb1 Rc5 20. a4 Kf8
21. Rd2 Bxb5 22. Nxb5 a6 23. Na3 Rac8 24. Rhd1 Ke7 25. Nc2 b5 26. e4 g5 27. axb5
Rxb5 28. Ba4 Rb6 29. Rd4 Nh5 30. Ne3 Nf4 31. R1d2 Rc3 32. Nd1 Rd3 33. R2xd3
Nfxd3 34. Bc2 Nf4 35. Ne3 Rd6 36. Ra4 h5 37. Ra5 f6 38. Kc1 Ne2+ 39. Kb1 Nd4 40.
b3 Nb5 41. Nc4 Rd4 42. Rxa6 Nxc4 43. bxc4 Rxc4 44. Bd3 Nc3+ 45. Kc2 Rc5 46. Kd2
Nb5 47. Ke3 Nc7 48. Ra7 e5 49. Rb7 Kd6 50. Rb8 Ne6 51. g3 Rc3 52. Kd2 Ra3 53.
Rb6+ Ke7 54. Rb7+ Kd6 55. Rb6+ Ke7 56. Rb7+ Kf8 57. Bc4 Nd4 58. Rf7+ Ke8 59.
Rxf6 Nxf3+ 60. Ke2 Nxh2 61. Rf5 Rxg3 62. Bf7+ Ke7 63. Bxh5 Rh3 64. Rxe5+ Kf6 65.
Rf5+ Kg7 66. Rxg5+ Kh6 67. Rf5 Rxh5 68. Rxh5+ Kxh5 1/2-1/2

[Event "World Rapid Women 2019"]
[Site "Moscow RUS"]
[Date "2019.12.28"]
[Round "9.9"]
[White "Charochkina, Daria"]
[Black "Arabidze, Meri"]
[Result "0-1"]
[WhiteTitle "IM"]
[BlackTitle "IM"]
[WhiteElo "2355"]
[BlackElo "2435"]
[WhiteFideId "4180917"]
[BlackFideId "13604040"]
[EventDate "2019.12.26"]

1. d4 d5 2. c4 e6 3. Nc3 Nf6 4. cxd5 exd5 5. Bg5 c6 6. e3 Be7 7. Bd3 Nbd7 8. h3
O-O 9. Qc2 Re8 10. Bf4 Nf8 11. Nf3 Ng6 12. Bh2 Bd6 13. Bxd6 Qxd6 14. O-O-O b5
15. Kb1 Be6 16. g4 Rac8 17. Rc1 a6 18. Bf5 c5 19. dxc5 Rxc5 20. Qd3 Bxf5 21.
gxf5 Ne5 22. Nxe5 Qxe5 23. a3 Rc4 24. Rhd1 b4 25. f4 Qb8 26. Nxd5 Rxc1+ 27. Kxc1
Nxd5 28. Qxd5 bxa3 29. bxa3 Rc8+ 0-1

[Event "World Rapid Women 2019"]
[Site "Moscow RUS"]
[Date "2019.12.28"]
[Round "9.10"]
[White "Batsiashvili, Nino"]
[Black "Munguntuul, Batkhuyag"]
[Result "1/2-1/2"]
[WhiteTitle "GM"]
[BlackTitle "IM"]
[WhiteElo "2447"]
[BlackElo "2430"]
[WhiteFideId "13602993"]
[BlackFideId "4900758"]
[EventDate "2019.12.26"]

1. d4 d5 2. Nf3 Nf6 3. Bf4 e6 4. e3 Bd6 5. Bg3 O-O 6. Nbd2 c5 7. c3 b6 8. Bd3
Bb7 9. Qe2 Ne4 10. Rd1 f5 11. Bxd6 Qxd6 12. Ne5 Nc6 13. Ndf3 c4 14. Bc2 b5 15.
Nxc6 Bxc6 16. Ne5 a5 17. O-O b4 18. Bxe4 fxe4 19. f3 Ba4 20. Rc1 exf3 21. Rxf3
Rxf3 22. Qxf3 Rf8 23. Qg4 Qe7 24. h3 Qf6 25. a3 b3 26. Qe2 Be8 27. Rf1 Qxf1+ 28.
Qxf1 Rxf1+ 29. Kxf1 Kf8 30. Kf2 Ke7 31. Kf3 Kf6 32. h4 g5 33. e4 Bh5+ 34. Kg3
Be8 35. Kg4 h5+ 36. Kf3 a4 37. g3 g4+ 38. Kf4 Bb5 39. Ke3 Be8 40. Kf4 Bb5 41.
Ke3 Be8 42. Kf4 1/2-1/2

[Event "World Rapid Women 2019"]
[Site "Moscow RUS"]
[Date "2019.12.28"]
[Round "9.11"]
[White "Osmak, Iulija"]
[Black "Abdumalik, Zhansaya"]
[Result "1/2-1/2"]
[WhiteTitle "IM"]
[BlackTitle "IM"]
[WhiteElo "2388"]
[BlackElo "2465"]
[WhiteFideId "14101602"]
[BlackFideId "13703544"]
[EventDate "2019.12.26"]

1. d4 Nf6 2. Bg5 d5 3. e3 Nbd7 4. Nf3 g6 5. Nbd2 Bg7 6. Bd3 O-O 7. O-O c5 8. c3
b6 9. a4 Bb7 10. a5 c4 11. Be2 b5 12. b4 h6 13. Bf4 Ne4 14. Nxe4 dxe4 15. Nd2 e5
16. Bg3 f5 17. f4 exd4 18. exd4 a6 19. Re1 Nf6 20. Bh4 Qd6 21. Bxf6 Bxf6 22. Qc1
g5 23. fxg5 hxg5 24. Nf1 f4 25. Bg4 Kg7 26. Qc2 Rae8 27. Nd2 e3 28. Bh5 Re7 29.
Nf3 Be4 30. Qd1 Bf5 31. h3 Bd3 32. Nh2 Qd5 33. Bf3 Qf5 34. Ng4 Rd8 35. Ra2 Rde8
36. Be2 Be4 37. Bf3 Bd3 38. Be2 Rd8 39. Rf1 Rd6 40. Qe1 Qg6 41. Ra1 Bxe2 42.
Qxe2 Qd3 43. Qe1 Qe4 44. Ra2 Re8 45. Re2 Kg6 46. Rf3 Rde6 47. Kh1 Bg7 48. Nh2
Rh8 49. Ng4 Rhe8 50. Nh2 Rh8 51. Ng4 Rhe8 1/2-1/2

[Event "World Rapid Women 2019"]
[Site "Moscow RUS"]
[Date "2019.12.28"]
[Round "9.12"]
[White "Kashlinskaya, Alina"]
[Black "Saduakassova, Dinara"]
[Result "1-0"]
[WhiteTitle "IM"]
[BlackTitle "IM"]
[WhiteElo "2484"]
[BlackElo "2505"]
[WhiteFideId "4198026"]
[BlackFideId "13700090"]
[EventDate "2019.12.26"]

1. d4 Nf6 2. c4 e6 3. Nf3 b6 4. a3 Ba6 5. Qc2 Bb7 6. Nc3 c5 7. e4 cxd4 8. Nxd4
Bc5 9. Nf3 Nc6 10. b4 Nd4 11. Qd2 Nxf3+ 12. gxf3 Be7 13. Rg1 g6 14. Bb2 a6 15.
O-O-O Qc7 16. Kb1 d6 17. Rc1 O-O 18. h4 Rfd8 19. Bd3 e5 20. Nd5 Nxd5 21. cxd5
Qd7 22. h5 Bf8 23. Qg5 Qe7 24. Qxe7 Bxe7 25. Rc7 1-0

[Event "World Rapid Women 2019"]
[Site "Moscow RUS"]
[Date "2019.12.28"]
[Round "9.13"]
[White "Gvetadze, Sofio"]
[Black "Khademalsharieh, Sarasadat"]
[Result "0-1"]
[WhiteTitle "IM"]
[BlackTitle "IM"]
[WhiteElo "2301"]
[BlackElo "2487"]
[WhiteFideId "13601440"]
[BlackFideId "12512214"]
[EventDate "2019.12.26"]

1. e4 e5 2. Nf3 Nc6 3. Bb5 a6 4. Ba4 Nf6 5. d3 b5 6. Bb3 Bc5 7. O-O d6 8. c3 Bb6
9. a4 Rb8 10. axb5 axb5 11. Bg5 h6 12. Bh4 g5 13. Bg3 Bd7 14. Nbd2 O-O 15. Re1
Kg7 16. Nf1 Re8 17. Ne3 Ne7 18. h4 g4 19. Nh2 h5 20. Qd2 Nh7 21. d4 Ng6 22. Nd5
Be6 23. dxe5 dxe5 24. Qc2 Bc5 25. Rad1 Qc8 26. Nf1 c6 27. Nb4 Be7 28. Nd3 Bxb3
29. Qxb3 Bxh4 30. Bxh4 Nxh4 31. Ng3 Nf6 32. Qc2 c5 33. Qc1 Kg6 34. Qe3 c4 35.
Nb4 Qe6 36. Rd2 Qb6 37. Qe2 Rbd8 38. Red1 Rxd2 39. Qxd2 Re7 40. Re1 Rd7 41. Qc1
Qd6 42. Qa1 Qd2 43. Rf1 Qf4 44. Qa6 Nxg2 45. Kxg2 h4 46. Nd5 Qf3+ 47. Kh2 hxg3+
48. fxg3 Qxf1 49. Qxb5 Rxd5 50. exd5 Ne4 51. Qb6+ f6 52. d6 Ng5 0-1

[Event "World Rapid Women 2019"]
[Site "Moscow RUS"]
[Date "2019.12.28"]
[Round "9.15"]
[White "Afonasieva, Anna"]
[Black "Shuvalova, Polina"]
[Result "1-0"]
[WhiteTitle "WFM"]
[BlackTitle "WGM"]
[WhiteElo "2302"]
[BlackElo "2446"]
[WhiteFideId "24173606"]
[BlackFideId "24171760"]
[EventDate "2019.12.26"]

1. d4 Nf6 2. Nf3 e6 3. c4 d5 4. g3 Bb4+ 5. Bd2 Be7 6. Bg2 Nbd7 7. Qc2 c6 8. O-O
b6 9. Rd1 Bb7 10. Bf4 Rc8 11. Nc3 O-O 12. Ne5 Nh5 13. Be3 f5 14. f4 Nhf6 15. Bf2
Ne8 16. Rac1 Nd6 17. c5 Ne4 18. Nxe4 fxe4 19. Qa4 Nxe5 20. dxe5 Qc7 21. a3 b5
22. Qb3 Ra8 23. Bxe4 a5 24. Bb1 g5 25. Kh1 Rf7 26. Qf3 Raf8 27. Qg4 Kh8 28. Be3
gxf4 29. gxf4 Bc8 30. Rg1 d4 31. Bxd4 Qd7 32. f5 Qd5+ 33. Qe4 Qd7 34. f6 Bd8 35.
Rg3 Qd5 36. Rcg1 Bd7 37. Rg7 Be8 38. R1g2 Qxe4 39. Bxe4 Bd7 40. Be3 Bc7 41. Bf4
a4 42. Bxh7 Ba5 43. Be4 1-0

[Event "World Rapid Women 2019"]
[Site "Moscow RUS"]
[Date "2019.12.28"]
[Round "9.16"]
[White "Zimina, Olga"]
[Black "Khomeriki, Nino"]
[Result "0-1"]
[WhiteTitle "IM"]
[BlackTitle "WGM"]
[WhiteElo "2390"]
[BlackElo "2355"]
[WhiteFideId "4132190"]
[BlackFideId "13603191"]
[EventDate "2019.12.26"]

1. Nf3 d5 2. b3 Bf5 3. e3 Nf6 4. Bb2 e6 5. Be2 h6 6. O-O Be7 7. c4 O-O 8. Nc3 c5
9. cxd5 Nxd5 10. Nxd5 Qxd5 11. d4 Nc6 12. Bc4 Qd8 13. d5 exd5 14. Qxd5 Qxd5 15.
Bxd5 Nb4 16. Bc4 a6 17. Rfd1 b5 18. Be2 Rfd8 19. Ne5 Rxd1+ 20. Rxd1 Rd8 21. a3
Rxd1+ 22. Bxd1 Nd3 23. Bc2 Nxb2 24. Bxf5 c4 25. bxc4 bxc4 26. a4 Bd6 27. Nc6
Nxa4 28. e4 g6 29. e5 gxf5 30. exd6 Nc5 31. Kf1 Kf8 32. Ke2 Ke8 33. Ne5 c3 34.
Kd1 f6 35. Nc4 Nd3 36. Ke2 c2 0-1

[Event "World Rapid Women 2019"]
[Site "Moscow RUS"]
[Date "2019.12.28"]
[Round "9.17"]
[White "Borisova, Ekaterina"]
[Black "Ushenina, Anna"]
[Result "1/2-1/2"]
[WhiteTitle "FM"]
[BlackTitle "GM"]
[WhiteElo "2344"]
[BlackElo "2416"]
[WhiteFideId "34124184"]
[BlackFideId "14110911"]
[EventDate "2019.12.26"]

1. d4 d5 2. c4 e6 3. Nf3 Nf6 4. g3 dxc4 5. Bg2 Bd7 6. Ne5 Bc6 7. Nxc6 Nxc6 8.
O-O Qd7 9. e3 Rd8 10. Qe2 e5 11. Qxc4 exd4 12. Qb5 Rb8 13. Rd1 a6 14. Qf1 Bd6
15. Bh3 Qd8 16. exd4 O-O 17. Nc3 h6 18. Bg2 Ne7 19. b3 c6 20. Bb2 Qa5 21. a3
Rfe8 22. d5 cxd5 23. b4 Qb6 24. Na4 Qc6 25. Bxf6 Qxa4 26. Bxe7 Rxe7 27. Rxd5 Be5
28. Re1 Rbe8 29. Qd3 g6 30. h4 h5 31. Bh3 Qc6 32. Bd7 Qc3 33. Rexe5 Qxd3 34.
Rxd3 Rxe5 35. Bxe8 Rxe8 36. Rd7 Re1+ 37. Kg2 Ra1 38. Rxb7 Rxa3 39. b5 1/2-1/2

[Event "World Rapid Women 2019"]
[Site "Moscow RUS"]
[Date "2019.12.28"]
[Round "9.19"]
[White "Bivol, Alina"]
[Black "Stefanova, Antoaneta"]
[Result "0-1"]
[WhiteTitle "WGM"]
[BlackTitle "GM"]
[WhiteElo "2374"]
[BlackElo "2476"]
[WhiteFideId "4100123"]
[BlackFideId "2902257"]
[EventDate "2019.12.26"]

1. c4 Nf6 2. g3 c6 3. Bg2 d5 4. cxd5 cxd5 5. Nf3 Nc6 6. O-O e5 7. d4 e4 8. Ne5
Bd6 9. Nxc6 bxc6 10. Nc3 O-O 11. Na4 Bg4 12. Bd2 Nd7 13. Rc1 Rc8 14. f3 exf3 15.
exf3 Bf5 16. Re1 h5 17. Nc5 Qf6 18. Qa4 Nb6 19. Qxa7 Nc4 20. Rxc4 dxc4 21. Ne4
Bxe4 22. fxe4 Ra8 23. Qb6 Rab8 24. Qxc6 Qxd4+ 25. Be3 Qe5 26. Rd1 Be7 27. Bd4
Qg5 28. Bc3 Rbc8 29. Qb7 Bc5+ 30. Kh1 h4 31. gxh4 Qxh4 32. Rf1 Rcd8 33. Qc6 Be3
34. Be1 Qh6 35. Qxc4 Bf4 36. h3 Rd1 37. Qe2 Ra1 38. Qg4 Be5 39. b4 Rxa2 40. b5
Rb2 41. Rf5 Qe6 42. Qh4 Bf6 43. Qg3 Rb1 44. Kh2 g6 45. h4 Re8 46. Qg4 0-1

[Event "World Rapid Women 2019"]
[Site "Moscow RUS"]
[Date "2019.12.28"]
[Round "9.20"]
[White "Mamedjarova, Turkan"]
[Black "Mammadova, Gulnar"]
[Result "0-1"]
[WhiteTitle "WGM"]
[BlackTitle "IM"]
[WhiteElo "2310"]
[BlackElo "2386"]
[WhiteFideId "13402005"]
[BlackFideId "13403508"]
[EventDate "2019.12.26"]

1. d4 g6 2. c4 Bg7 3. Nc3 d6 4. e4 Nd7 5. Nf3 e5 6. d5 Ne7 7. Be2 O-O 8. O-O h6
9. Rb1 a5 10. a3 f5 11. b4 axb4 12. axb4 Nf6 13. Bd3 f4 14. c5 g5 15. b5 dxc5
16. Nxe5 Ne8 17. d6 Nxd6 18. Qb3+ Kh8 19. Nf3 Bg4 20. Be2 Ng6 21. h3 Bxf3 22.
Bxf3 Ne5 23. Nd5 c4 24. Qd1 b6 25. Bb2 Ra2 26. Kh1 Rxb2 27. Rxb2 Nxf3 28. Rb1
Ne5 29. f3 h5 30. Qe2 Qd7 31. Rfd1 g4 32. Qf1 Nd3 33. Rd2 Bd4 34. Rxd3 cxd3 35.
Qxd3 Be5 36. Qf1 gxh3 37. gxh3 Rg8 38. Rb2 Bxb2 0-1

[Event "World Rapid Women 2019"]
[Site "Moscow RUS"]
[Date "2019.12.28"]
[Round "9.21"]
[White "Galliamova, Alisa"]
[Black "Buksa, Nataliya"]
[Result "1/2-1/2"]
[WhiteTitle "IM"]
[BlackTitle "IM"]
[WhiteElo "2438"]
[BlackElo "2403"]
[WhiteFideId "4129725"]
[BlackFideId "14123622"]
[EventDate "2019.12.26"]

1. d4 d5 2. c4 e6 3. Nf3 Nf6 4. Nc3 Nbd7 5. Bg5 h6 6. Bh4 Be7 7. e3 O-O 8. Qc2
c5 9. cxd5 Nxd5 10. Bxe7 Qxe7 11. Nxd5 exd5 12. dxc5 Nxc5 13. Be2 Bg4 14. O-O
Rac8 15. Rac1 Rfd8 16. h3 Ne4 17. Qd3 Rxc1 18. Rxc1 Bh5 19. Qd4 Ng5 20. Qd1
Nxf3+ 21. Bxf3 Bxf3 22. Qxf3 d4 23. exd4 Rxd4 24. Rc8+ Kh7 25. Qf5+ g6 26. Qf3
Kg7 27. Rc1 Re4 28. Qc3+ Qf6 29. Qxf6+ Kxf6 30. Kf1 a5 31. Rc7 b6 32. b3 Re6 33.
f3 g5 34. Kf2 Kg6 35. g3 f5 36. Rb7 f4 37. h4 gxh4 38. gxh4 Rf6 39. Kg2 Kh5 40.
Kh3 Rg6 41. a4 Rg3+ 42. Kh2 Rxf3 43. Rxb6 Kxh4 44. Rxh6+ Kg4 45. Rg6+ Kf5 46.
Ra6 Rxb3 47. Rxa5+ Kg4 48. Rc5 Rb2+ 49. Kg1 Kg3 50. Rg5+ Kf3 51. Rc5 Rb1+ 52.
Kh2 Kf2 53. a5 Ra1 54. Rb5 Ra2 55. a6 Rxa6 56. Rb2+ Kf3 57. Rb3+ Kg4 58. Rb2 Ra3
59. Kg2 Rg3+ 60. Kf2 Rh3 61. Kg2 f3+ 62. Kg1 Kg3 63. Rg2+ Kf4 64. Ra2 Rg3+ 65.
Kf1 Rg8 66. Ra7 Rf8 67. Kf2 Rf6 68. Ra4+ Kg5 69. Ra5+ Kg4 70. Ra4+ Rf4 71. Rxf4+
Kxf4 72. Kf1 Ke3 73. Ke1 f2+ 74. Kf1 Kf3 1/2-1/2

[Event "World Rapid Women 2019"]
[Site "Moscow RUS"]
[Date "2019.12.28"]
[Round "9.22"]
[White "Socko, Monika"]
[Black "Goltseva, Ekaterina"]
[Result "1-0"]
[WhiteTitle "GM"]
[BlackTitle "FM"]
[WhiteElo "2407"]
[BlackElo "2297"]
[WhiteFideId "1106619"]
[BlackFideId "24173770"]
[EventDate "2019.12.26"]

1. d4 Nf6 2. c4 e6 3. g3 Bb4+ 4. Bd2 Be7 5. Bg2 d5 6. Nf3 O-O 7. O-O Nbd7 8. Qc2
c6 9. Rd1 Ne4 10. Be1 f5 11. Nbd2 Bf6 12. Nxe4 fxe4 13. Ne5 Bxe5 14. dxe5 Qg5
15. cxd5 exd5 16. e6 Ne5 17. Bb4 Bxe6 18. Bxf8 Rxf8 19. Qc5 Qh5 20. Qe7 Bc8 21.
Rf1 Ng6 22. Qa3 Qxe2 23. Rae1 Qd2 24. Rd1 Qg5 25. Qxa7 Ne5 26. Qe3 Qh5 27. h4
Nf3+ 28. Bxf3 Rxf3 29. Qg5 Qe8 30. Rfe1 h6 31. Qd2 Qf7 32. Re3 Rf6 33. b4 Bg4
34. Rc1 Bf3 35. b5 Qd7 36. Qe1 Qh3 37. Rxf3 exf3 38. Qf1 Qg4 39. bxc6 bxc6 40.
Rb1 Qf5 41. Rb8+ Kh7 42. Re8 c5 43. Qb5 d4 44. Kh2 Qc2 45. Kg1 Qc1+ 46. Kh2 Qc2
47. Kg1 d3 48. Qb8 Kg6 49. h5+ Kxh5 50. Re4 Qc1+ 51. Kh2 Kg6 52. Qg8 Qg5 53. Re7
Kf5 54. Rxg7 Qh5+ 55. Kg1 Re6 56. g4+ Qxg4+ 57. Rxg4 d2 58. Qf7+ Ke5 59. Qf4+ 1-0

[Event "World Rapid Women 2019"]
[Site "Moscow RUS"]
[Date "2019.12.28"]
[Round "9.23"]
[White "Mammadzada, Gunay"]
[Black "Ambartsumova, Karina"]
[Result "1-0"]
[WhiteTitle "IM"]
[BlackTitle "IM"]
[WhiteElo "2455"]
[BlackElo "2341"]
[WhiteFideId "13403729"]
[BlackFideId "4166299"]
[EventDate "2019.12.26"]

1. e4 c5 2. Nf3 Nc6 3. d4 cxd4 4. Nxd4 Qb6 5. Nb3 Nf6 6. Nc3 e6 7. a3 a6 8. Bf4
e5 9. Be3 Qc7 10. Nd2 d6 11. Nc4 b5 12. Nb6 Rb8 13. Nxc8 Rxc8 14. a4 b4 15. Nd5
Nxd5 16. exd5 Nb8 17. Bd3 a5 18. O-O Nd7 19. f4 Be7 20. Qg4 O-O 21. Qh3 g6 22.
f5 Bf6 23. Bb5 Nc5 24. Bh6 Ne4 25. Qe3 Nc5 26. Bxf8 Rxf8 27. fxg6 fxg6 28. Rf2
Bg7 29. Rxf8+ Bxf8 30. Rf1 Bg7 31. Be8 Qe7 32. Bf7+ Kh8 33. Qh3 Qd7 34. Qh4 e4
35. Bxg6 Bd4+ 36. Kh1 Kg8 1-0

[Event "World Rapid Women 2019"]
[Site "Moscow RUS"]
[Date "2019.12.28"]
[Round "9.24"]
[White "Serikbay, Assel"]
[Black "Gaponenko, Inna"]
[Result "0-1"]
[WhiteTitle "WIM"]
[BlackTitle "IM"]
[WhiteElo "2286"]
[BlackElo "2396"]
[WhiteFideId "13706799"]
[BlackFideId "14101181"]
[EventDate "2019.12.26"]

1. d4 Nf6 2. c4 g6 3. g3 Bg7 4. Bg2 c5 5. d5 d6 6. Nc3 O-O 7. Nf3 e6 8. O-O exd5
9. cxd5 Re8 10. Nd2 a6 11. a4 Nbd7 12. h3 Nh5 13. e4 Ne5 14. Qc2 f5 15. Ne2 Nf7
16. Kh2 Ng5 17. f4 Nxe4 18. Nxe4 fxe4 19. Bxe4 Nf6 20. Bf3 Bf5 21. Qd1 Qd7 22.
g4 Be4 23. Ng3 Bxf3 24. Qxf3 Qf7 25. Rd1 Re7 26. f5 Nd7 27. Bf4 Ne5 28. Qg2 Rae8
29. Rac1 b5 30. axb5 axb5 31. Rc2 Nc4 32. Rf2 Ne3 33. Bxe3 Rxe3 34. fxg6 Qxg6
35. Nf5 Re1 36. Rxe1 Rxe1 37. Qf3 Qf6 38. Kg2 c4 39. Qf4 Qe5 40. Qg5 Qxd5+ 41.
Kg3 Qe5+ 42. Kg2 Qe4+ 43. Kg3 Qe5+ 44. Kg2 Qf6 45. Qxf6 Bxf6 46. Nxd6 Bd4 47.
Rd2 c3 48. bxc3 Bxc3 49. Ra2 b4 50. Ra8+ Kg7 51. Ra7+ Kg6 52. h4 b3 53. Kf3 b2
54. h5+ Kg5 55. Ne4+ Rxe4 0-1

[Event "World Rapid Women 2019"]
[Site "Moscow RUS"]
[Date "2019.12.28"]
[Round "9.25"]
[White "Maltsevskaya, Aleksandra"]
[Black "Ovod, Evgenija"]
[Result "1-0"]
[WhiteTitle "WGM"]
[BlackTitle "IM"]
[WhiteElo "2318"]
[BlackElo "2362"]
[WhiteFideId "24174041"]
[BlackFideId "4131827"]
[EventDate "2019.12.26"]

1. e4 e6 2. d3 d5 3. Nd2 Nf6 4. g3 c5 5. Bg2 g6 6. Ngf3 Bg7 7. O-O O-O 8. exd5
Nxd5 9. Nc4 Nc6 10. Re1 Qc7 11. Ng5 b6 12. a4 Ba6 13. c3 Rad8 14. Qe2 Rfe8 15.
a5 Nxa5 16. Nxa5 bxa5 17. Ne4 f5 18. Nd2 Nb6 19. c4 a4 20. Nb3 Bxc4 21. dxc4
axb3 22. Bg5 Rd4 23. Ra6 e5 24. Rea1 e4 25. Rxa7 Qd6 26. Be3 Rd3 27. R7a6 Qe6
28. Bxc5 Rb8 29. h4 Qc6 30. Qxd3 Qxc5 31. Qxb3 Bd4 32. R1a5 Bxf2+ 33. Kf1 Qxc4+
34. Qxc4+ Nxc4 35. Ra8 Bxg3 36. Rxb8+ Bxb8 37. Ra8 Kf7 38. Rxb8 Kf6 39. Ke2 Ke5
40. b4 Kd4 41. Rb7 h5 42. Rg7 Ne5 43. b5 Kc5 44. Re7 Nd3 45. Ke3 Kxb5 46. Bf1
Kc4 47. Bxd3+ exd3 48. Rc7+ Kd5 49. Kxd3 1-0

[Event "World Rapid Women 2019"]
[Site "Moscow RUS"]
[Date "2019.12.28"]
[Round "9.26"]
[White "Assaubayeva, Bibisara"]
[Black "Song, Yuxin"]
[Result "1-0"]
[WhiteTitle "FM"]
[BlackTitle "WIM"]
[WhiteElo "2375"]
[BlackElo "2299"]
[WhiteFideId "13708694"]
[BlackFideId "8614300"]
[EventDate "2019.12.26"]

1. d4 Nf6 2. c4 e6 3. Nf3 d5 4. Nc3 Nbd7 5. cxd5 exd5 6. Bg5 c6 7. e3 Be7 8. Bd3
Ne4 9. Bxe7 Qxe7 10. Qc2 Ndf6 11. Ne5 Bf5 12. O-O O-O 13. a4 Nxc3 14. bxc3 Bxd3
15. Nxd3 Ne4 16. c4 dxc4 17. Ne5 Nd6 18. a5 c5 19. dxc5 Qxe5 20. cxd6 Qxd6 21.
Qxc4 Rac8 22. Qb3 Rc7 23. Rfd1 Qe7 24. Qd5 Rfc8 25. g3 g6 26. Rab1 Rc6 27. Kg2
b6 28. a6 Rc5 29. Qd3 Rc3 30. Qd5 R3c5 31. Qf3 Kg7 32. Rd4 Qf6 33. Rf4 Qe6 34.
Rd1 R5c7 35. h4 h5 36. Rd5 Rc5 37. e4 Rxd5 38. exd5 Qd7 39. d6 f5 40. Qb7 Rd8
41. Rc4 Kf6 42. Rc7 Qxd6 43. Rc6 b5 44. Rxd6+ Rxd6 45. Qxa7 b4 46. Qb7 b3 47. a7 1-0

[Event "World Rapid Women 2019"]
[Site "Moscow RUS"]
[Date "2019.12.28"]
[Round "9.27"]
[White "Strutinskaia, Galina"]
[Black "Zatonskih, Anna"]
[Result "1/2-1/2"]
[WhiteTitle "WGM"]
[BlackTitle "IM"]
[WhiteElo "2214"]
[BlackElo "2420"]
[WhiteFideId "4108558"]
[BlackFideId "14101572"]
[EventDate "2019.12.26"]

1. d4 d5 2. c4 e6 3. Nc3 Nf6 4. cxd5 exd5 5. Bg5 Be7 6. Qc2 c6 7. e3 Nbd7 8. Bd3
Nf8 9. Nf3 Ne6 10. Bh4 g6 11. h3 O-O 12. O-O Ng7 13. Ne5 Bf5 14. f4 Bxd3 15.
Qxd3 Nf5 16. Bf2 Nd6 17. Rab1 a5 18. b3 Nfe4 19. Be1 Nxc3 20. Bxc3 Ne4 21. a4
Bd6 22. Nf3 Re8 23. Be1 Bb4 24. Bh4 Be7 25. Be1 Nd6 26. Rb2 Bf8 27. g4 Qe7 28.
Re2 Ne4 29. Bh4 Qb4 30. Be1 Qb6 31. Ne5 Rad8 32. h4 c5 33. Kh2 cxd4 34. exd4 f6
35. Nf3 Rc8 36. Kg2 Qe6 37. Nh2 b6 38. f5 Qd7 39. fxg6 hxg6 40. Qb5 Qd6 41. Qd3
Re6 42. Nf3 Rce8 43. Ng1 Bh6 44. Qf3 Rf8 45. Nh3 Qd7 46. Nf4 Bxf4 47. Qxf4 Kg7
48. Qf3 Rfe8 49. Qf4 Qc6 50. Rf3 R8e7 51. g5 Qe8 52. Rfe3 fxg5 53. hxg5 Rf7 54.
Qg4 Rf5 55. Bh4 Re7 56. Rf3 Rxf3 57. Qxf3 Qd7 58. Bg3 Nxg5 59. Rxe7+ Qxe7 60.
Qxd5 Qe2+ 61. Bf2 Qg4+ 62. Bg3 Ne4 63. Qe5+ Kh7 64. Qe7+ Kg8 65. Qe8+ Kg7 66.
Qe7+ Kg8 67. Qe8+ 1/2-1/2

[Event "World Rapid Women 2019"]
[Site "Moscow RUS"]
[Date "2019.12.28"]
[Round "9.28"]
[White "Lysenko, Margarita"]
[Black "Paehtz, Elisabeth"]
[Result "0-1"]
[WhiteTitle "WFM"]
[BlackTitle "IM"]
[WhiteElo "2290"]
[BlackElo "2475"]
[WhiteFideId "34100200"]
[BlackFideId "4641833"]
[EventDate "2019.12.26"]

1. d4 e6 2. c4 b6 3. e4 Bb7 4. Bd3 Nc6 5. Nf3 Nb4 6. O-O Ne7 7. Nc3 Nxd3 8. Qxd3
Ng6 9. Be3 Be7 10. Rfd1 O-O 11. d5 e5 12. a3 a5 13. Nb5 d6 14. b4 Bc8 15. Qc3 f5
16. c5 fxe4 17. cxd6 cxd6 18. Nd2 Bg4 19. Re1 Qd7 20. Qc6 Nf4 21. Nxe4 Nd3 22.
Reb1 Qxc6 23. dxc6 d5 24. Nc7 Rad8 25. Bxb6 dxe4 26. bxa5 Rc8 27. a6 e3 28. fxe3
Bg5 29. h4 Bxh4 30. a7 Bf2+ 31. Kh2 Rf6 32. g3 Bf3 33. Rb4 Nxb4 0-1

[Event "World Rapid Women 2019"]
[Site "Moscow RUS"]
[Date "2019.12.28"]
[Round "9.29"]
[White "Garifullina, Leya"]
[Black "Guichard, Pauline"]
[Result "0-1"]
[WhiteTitle "WIM"]
[BlackTitle "IM"]
[WhiteElo "2308"]
[BlackElo "2408"]
[WhiteFideId "34127035"]
[BlackFideId "639370"]
[EventDate "2019.12.26"]

1. e4 e5 2. Nf3 Nc6 3. Bb5 Nf6 4. d3 Bc5 5. Bxc6 dxc6 6. Nbd2 Be6 7. O-O Nd7 8.
b3 f6 9. Bb2 Nf8 10. Nh4 Qd7 11. Kh1 O-O-O 12. a3 g5 13. Nhf3 h5 14. b4 Be7 15.
d4 Ng6 16. dxe5 fxe5 17. Nxe5 Nxe5 18. Bxe5 Rhf8 19. Bc3 g4 20. f4 gxf3 21. Nxf3
Qe8 22. Qe2 Qg6 23. Qe3 Kb8 24. Ne5 Qh7 25. Rxf8 Rxf8 26. Qe2 Rf4 27. Re1 h4 28.
h3 Bd6 29. Nd3 Rf8 30. e5 Be7 31. Rf1 Rg8 32. Nf4 Bf5 33. Rf2 a6 34. Nh5 Rd8 35.
Nf6 Qg6 36. Qh5 Bxc2 37. Qxg6 Rd1+ 38. Kh2 Bxg6 39. Rf4 Rd3 40. Ng8 Bg5 41. Rg4
Be3 42. Rxg6 Rxc3 43. e6 Bf4+ 44. Kg1 Bg3 45. Kf1 Re3 46. Rxg3 hxg3 47. e7 Kc8
48. h4 Kd7 49. h5 Ke8 50. h6 Kf7 51. h7 Kg7 52. a4 b6 53. a5 bxa5 54. bxa5 c5
55. Nh6 Kxh7 56. Nf5 Re5 57. Nxg3 Rxe7 58. Ne2 c4 59. g4 Re5 60. Kf2 Kg6 61.
Nf4+ Kg5 62. Ng2 Rxa5 63. Ke3 Rd5 64. Nf4 Rd6 0-1